000 00780nam a2200205Ia 4500
003 GCL
008 140319s9999 xx 000 0 ara d
020 _a0331208977
040 _aGCL /
_cGCL
082 0 4 _a615.882
_bهـ ح
100 1 _aهيلينا عبدالله
245 1 0 _aالحجامة الحديثة :
_bعلم يهدف الى التخلص السريع من الالم والوقاية من الامراض وتنشيط الوظائف الجسمانية والعقلية /
_cهيلينا عبدالله
260 _aالقاهرة :
_bمكتبة مدبولى ،
_c2002
300 _a254 ص ؛
_c24 سم
650 0 4 _aالطب النبوى
650 0 4 _aالدم - امراض
650 0 4 _aالعلاج بالابر
650 0 4 _aالحجامة
942 _2ddc
_cBK
999 _c5608
_d5608